Skyscraper (Record no. 85711)

MARC details
000 -LEADER
fixed length control field 00680 a2200253 4500
003 - CONTROL NUMBER IDENTIFIER
control field CBULib
005 - DATE AND TIME OF LATEST TRANSACTION
control field 20250729134707.0
008 - FIXED-LENGTH DATA ELEMENTS--GENERAL INFORMATION
fixed length control field 241029b |||||||| |||| 00| 0 eng d
020 ## - INTERNATIONAL STANDARD BOOK NUMBER
International Standard Book Number 9781786691187
040 ## - CATALOGING SOURCE
Language of cataloging English
Transcribing agency CBULib
Description conventions rda
041 ## - LANGUAGE CODE
Language code of text/sound track or separate title eng
050 ## - LIBRARY OF CONGRESS CALL NUMBER
Classification number NA 6230 Cru
100 ## - MAIN ENTRY--PERSONAL NAME
Personal name Cruickshank, Dan
245 ## - TITLE STATEMENT
Title Skyscraper
Statement of responsibility, etc / by Dan Cruickshank
260 ## - PUBLICATION, DISTRIBUTION, ETC. (IMPRINT)
Name of publisher, distributor, etc Apollo,
Date of publication, distribution, etc 2018
Place of publication, distribution, etc London :
300 ## - PHYSICAL DESCRIPTION
Extent 304 pages : illustrations
336 ## - CONTENT TYPE
Source rdacontent
Content type term Text |
Content type code txt
337 ## - MEDIA TYPE
Source rdamedia
Media type term Unmediated |
Media type code n
338 ## - CARRIER TYPE
Source rdacarrier
Carrier type term Volume
Carrier type code nc
650 #0 - SUBJECT ADDED ENTRY--TOPICAL TERM
9 (RLIN) 3854
Topical term or geographic name as entry element SKYSCRAPER
650 #0 - SUBJECT ADDED ENTRY--TOPICAL TERM
9 (RLIN) 3855
Topical term or geographic name as entry element CHICAGO
650 #0 - SUBJECT ADDED ENTRY--TOPICAL TERM
9 (RLIN) 3856
Topical term or geographic name as entry element STRUCTURES
942 ## - ADDED ENTRY ELEMENTS (KOHA)
Source of classification or shelving scheme
Koha item type MONOGRAPH
Holdings
Withdrawn status Lost status Source of classification or shelving scheme Damaged status Not for loan Collection code Permanent Location Current Location Shelving location Date acquired Source of acquisition Cost, normal purchase price Full call number Barcode Date last seen Price effective from Koha item type Total Checkouts Copy number
          CBU-Lusaka Campus CBU- LUSAKA CAMPUS CBU- LUSAKA CAMPUS General Stacks 10/29/2024 DON-BOOKAID 76.00 NA 6230 Cru 753087 10/29/2024 10/29/2024 MONOGRAPH    
          CBU-Lusaka Campus CBU- LUSAKA CAMPUS CBU-MAIN LIBRARY, KITWE. General Stacks 10/29/2024 DON-BOOKAID 76.00 NA 6230 Cru 753088 10/29/2024 10/29/2024 MONOGRAPH    
          Main Library Open Access Collection CBU-MAIN LIBRARY, KITWE. CBU-MAIN LIBRARY, KITWE. General Stacks 07/29/2025 DON-BOOKAID 76.00 NA 6230 Cru 753632 07/29/2025 07/29/2025 MONOGRAPH   3
          Main Library Open Access Collection CBU-MAIN LIBRARY, KITWE. CBU-MAIN LIBRARY, KITWE. General Stacks 07/29/2025 DON-BOOKAID 76.00 NA 6230 Cru 753641 07/29/2025 07/29/2025 MONOGRAPH   4